Guess the Footballers by their Teams #29 - Statistics

General Stats
  • This quiz has been taken 143 times
  • The average score is 6 of 10
Answer Stats
Hint Answer % Correct
2003-2021. Independiente, Atletico Madrid, Manchester City, Barcelona, Argentina. Sergio Aguero
96%
2016-. Bayer Leverkusen, Chelsea, Germany. Kai Havertz
92%
2006-. Lumezzane, Inter Milan, Manchester City, AC Milan, Liverpool, AC Milan (loan), Nice, Marseille, Brescia, Monza, Adana Demirspor, Italy. Mario Balotelli
73%
2015-. Racing Club, Inter Milan, Argentina. Lautaro Martinez
68%
1992-2012. Iwuanyanwu Nationale, Ajax, Inter Milan, Arsenal, West Bromwich Albion, Portsmouth, Nigeria. Nwankwo Kanu
54%
1998-2019. Tottenham Hotspur, Dulwich Hamlet (loan), IFK Hassleholm (loan), Queens Park Rangers, Portsmouth, Aston Villa, Norwich City (loan), Southampton, Liverpool, Portsmouth, Tottenham Hotspur, Stoke City, Burnley, England. Peter Crouch
54%
1994-2016. Modena, Empoli, Fiorenzuola, Lodigiani, Treviso, Vicenza, Brescia, Palermo, Fiorentina, Bayern Munich, Roma (loan), Bayern Munich II, Genoa, Juventus, Al Nasr, Fiorentina, Verona, Italy. Luca Toni
47%
2002-. Antalyaspor, Besiktas, Manisaspor, Fenerbahce, Eskisehirspor (loan), Trabzonspor, Galatasaray, Beijing Guoan, Trabzonspor, Besiktas, Lille, Fortuna Sittard, Turkey. Burak Yilmaz
39%
2002-2021. Bayern Munich II, Bayern Munich, Hamburger SV, Corinthians, Flamengo, Internacional, Peru. Paolo Guerrero
22%
1999-2014. Jomo Cosmos, Grasshoppers (loan), Auxerre, Portsmouth, Manchester City, Sunderland (loan), Blackburn Rovers, Portsmouth, Chippa United, Bidvest Witz, Zimbabwe. Benjani Mwaruwari
21%
No matching quizzes found
Score Distribution
Percent of People with Each Score
Percentile by Number Answered
Your Score History
You have not taken this quiz